000 00367 a2200169 4500
001 190217
020 _a85-329-0678-8
040 _cMagnum
100 _aLeal, Jose Carlos
240 1 0 _aO diário de Ana Cristina
_lpor
245 1 0 _aO diário de Ana Cristina
300 _a144
362 0 _a2004
440 1 _a
697 _aLITERATURA JUVENIL
942 _cBK
999 _c190217
_d190217